<?xml version="1.0" encoding="UTF-8"?>
<record
    xmlns:xsi="http://www.w3.org/2001/XMLSchema-instance"
    xsi:schemaLocation="http://www.loc.gov/MARC21/slim http://www.loc.gov/standards/marcxml/schema/MARC21slim.xsd"
    xmlns="http://www.loc.gov/MARC21/slim">

  <leader>00894nam a2200217Ia 4500</leader>
  <controlfield tag="003">OSt</controlfield>
  <controlfield tag="005">20250829161652.0</controlfield>
  <controlfield tag="008">210210b2000   xxu||||| |||| 00| 0 eng d</controlfield>
  <datafield tag="040" ind1=" " ind2=" ">
    <subfield code="c">AL</subfield>
  </datafield>
  <datafield tag="041" ind1=" " ind2=" ">
    <subfield code="a">Kannada</subfield>
  </datafield>
  <datafield tag="082" ind1=" " ind2=" ">
    <subfield code="a">K894.4 NATK</subfield>
  </datafield>
  <datafield tag="100" ind1=" " ind2=" ">
    <subfield code="a">NATARAJ HULIYAR mattu CHINTAMANI KODLEKERE.</subfield>
    <subfield code="9">70344</subfield>
    <subfield code="d">&#xCA8;&#xC9F;&#xCB0;&#xCBE;&#xC9C;&#xCCD; &#xCB9;&#xCC1;&#xCB3;&#xCBF;&#xCAF;&#xCBE;&#xCB0;&#xCCD; &#xCAE;&#xCA4;&#xCCD;&#xCA4;&#xCC1; &#xC9A;&#xCBF;&#xC82;&#xCA4;&#xCBE;&#xCAE;&#xCA3;&#xCBF; &#xC95;&#xCCA;&#xCA1;&#xCCD;&#xCB2;&#xCC6;&#xC95;&#xCC6;&#xCB0;&#xCC6;</subfield>
  </datafield>
  <datafield tag="245" ind1=" " ind2=" ">
    <subfield code="a">Kannedurina prashnegalu, Ramamanohara lohiya barahagalu. Samputa:5</subfield>
    <subfield code="b">&#xC95;&#xCA3;&#xCCD;&#xCA3;&#xCC6;&#xCA6;&#xCC1;&#xCB0;&#xCBF;&#xCA8;&#xCAA;&#xCCD;&#xCB0;&#xCB6;&#xCCD;&#xCA8;&#xCC6;&#xC97;&#xCB3;&#xCC1; :&#xCB0;&#xCBE;&#xCAE;&#xCAE;&#xCA8;&#xCCB;&#xCB9;&#xCB0; &#xCB2;&#xCCB;&#xCB9;&#xCBF;&#xCAF;&#xCBE; &#xCAC;&#xCB0;&#xCB9;&#xC97;&#xCB3;&#xCC1; : &#xCB8;&#xC82;&#xCAA;&#xCC1;&#xC9F; &#xCEB;</subfield>
  </datafield>
  <datafield tag="260" ind1=" " ind2=" ">
    <subfield code="a">Bengaluru.</subfield>
    <subfield code="b">Kannada Mattu Samskrathi Nirdeshanalaya.,</subfield>
    <subfield code="c">2000</subfield>
  </datafield>
  <datafield tag="300" ind1=" " ind2=" ">
    <subfield code="a">XXVII,446</subfield>
  </datafield>
  <datafield tag="440" ind1=" " ind2=" ">
    <subfield code="a">5</subfield>
    <subfield code="9">70345</subfield>
  </datafield>
  <datafield tag="650" ind1=" " ind2=" ">
    <subfield code="a">Ramamanohara lohiya</subfield>
    <subfield code="9">70346</subfield>
  </datafield>
  <datafield tag="690" ind1=" " ind2=" ">
    <subfield code="a">Kannada Prose</subfield>
    <subfield code="9">70347</subfield>
  </datafield>
  <datafield tag="906" ind1=" " ind2=" ">
    <subfield code="a">057710</subfield>
  </datafield>
  <datafield tag="942" ind1=" " ind2=" ">
    <subfield code="2">ddc</subfield>
    <subfield code="c">BK</subfield>
  </datafield>
  <datafield tag="999" ind1=" " ind2=" ">
    <subfield code="c">105099</subfield>
    <subfield code="d">105099</subfield>
  </datafield>
  <datafield tag="952" ind1=" " ind2=" ">
    <subfield code="0">0</subfield>
    <subfield code="1">0</subfield>
    <subfield code="2">ddc</subfield>
    <subfield code="4">0</subfield>
    <subfield code="7">0</subfield>
    <subfield code="8">KAN</subfield>
    <subfield code="a">AL</subfield>
    <subfield code="b">AL</subfield>
    <subfield code="d">2021-02-17</subfield>
    <subfield code="e">Sahayaka Nirdeshakara Kacheri, Mangaluru.</subfield>
    <subfield code="g">25.00</subfield>
    <subfield code="l">0</subfield>
    <subfield code="o">K894.4 NATK</subfield>
    <subfield code="p">057710</subfield>
    <subfield code="r">2021-02-17 00:00:00</subfield>
    <subfield code="w">2021-02-17</subfield>
    <subfield code="y">BK</subfield>
  </datafield>
</record>
